Normal view
MARC view
- Khan, Rida Khalid
Entry Personal Name
001 - CONTROL NUMBER
- control field: 131108
003 - CONTROL NUMBER IDENTIFIER
- control field: NUST
005 - DATE AND TIME OF LATEST TRANSACTION
- control field: 20251014112500.0
008 - FIXED-LENGTH DATA ELEMENTS
- fixed length control field: 251014|| aca||aabn | a|a d
040 ## - CATALOGING SOURCE
- Original cataloging agency: NUST
- Transcribing agency: NUST
100 ## - HEADING--PERSONAL NAME
- Personal name: Khan, Rida Khalid
670 ## - SOURCE DATA FOUND
- Source citation: Work cat.: (NUST): Khan, Rida Khalid, Advanced nanocarriers for skin diseases /
